=LDR 00000nam 2200000 4500 =001 INLIS000000000024999 =005 20130612123536 =008 ***********************************Ind** =035 ##$$0010-061300000024999 =041 ##$$a Ind =082 ##$$a 342 =090 ##$$a 3426bDar u =100 ##$$a Daroso, Bambang =245 ##$$a Undang-undang dasar 1945 dan gerak pelaksanaanya, Bambang Darsono =260 ##$$a 1983 $b Jakarta =300 ##$$a 119 hlm, 21 cm =650 ##$$a UUD 45 =850 ##$$a NBPNMAT